000 00736nam a2200241 i 4500
001 91183
003 ES-MaACL
005 20240426121506.0
007 t|
008 050127s1981 sp ||||1| spa d
100 1 _aLe Roy Ladurie, Emmanuel.
_970930
245 1 0 _aMontaillou :
_baldea occitana de 1294 a 1324 /
_cEmmanuel Le Roy Ladurie ; versión de Mauro Armiño.
260 _a[Madrid] :
_bTaurus,
_c[1981]
300 _a612 p., 1 lám. ;
_c21 cm.
490 1 _aEnsayistas ;
_v179
500 _aÍndices.
504 _aBibliografía: p. 599-610.
700 0 _aArmiño, Mauro,
_d1944-
_922987
830 1 _aEnsayistas ;
_v179
_9177257
852 4 _aES-MaACL
_jL-799
852 4 _aES-MaACL
_jL-995
999 _c91183
_d91183